| Tag |
First Indicator |
Second Indicator |
Subfields |
| LEADER |
00000cam a2200000 i 4500 |
| 001 |
in00004763613 |
| 003 |
OCoLC |
| 005 |
20240131152406.5 |
| 008 |
230608t20242024enka b 001 0 eng |
| 010 |
|
|
|a 2023026794
|
| 040 |
|
|
|a DLC
|e rda
|c DLC
|
| 020 |
|
|
|a 9781032593463
|q hardcover
|
| 020 |
|
|
|a 1032593466
|q hardcover
|
| 020 |
|
|
|a 9781032593487
|q paperback
|
| 020 |
|
|
|a 1032593482
|q paperback
|
| 020 |
|
|
|z 9781003454298
|q electronic book
|
| 020 |
|
|
|z 9781000999273
|q electronic publication
|
| 020 |
|
|
|z 9781000999259
|q electronic book
|
| 035 |
|
|
|a (OCoLC)1389183692
|
| 043 |
|
|
|a n-us---
|
| 050 |
0 |
0 |
|a PN1992.8.S6
|b G88 2024
|
| 082 |
0 |
0 |
|a 791.45/658209733
|2 23/eng/20230612
|
| 100 |
1 |
|
|a Gutzmer, Alexander,
|e author.
|
| 245 |
1 |
0 |
|a TV shows and nonplace :
|b why The Sopranos, Breaking bad and co. love the periphery /
|c Alexander Gutzmer.
|
| 264 |
|
1 |
|a London ;
|a New York :
|b Routledge,
|c [2024].
|
| 264 |
|
4 |
|c ©2024
|
| 300 |
|
|
|a 90 pages :
|b illustrations ;
|c 23 cm.
|
| 336 |
|
|
|a text
|b txt
|2 rdacontent
|
| 337 |
|
|
|a unmediated
|b n
|2 rdamedia
|
| 338 |
|
|
|a volume
|b nc
|2 rdacarrier
|
| 490 |
1 |
|
|a Routledge focus on television studies
|
| 500 |
|
|
|a "Routledge Focus."
|
| 504 |
|
|
|a Includes bibliographical references and index.
|
| 520 |
|
|
|a This book scrutinizes the relationship between contemporary television shows and space, focusing on the ways in which these shows use and narrate specific spatial structures, namely, spaces far away from traditional metropolises. Beginning with the observation that many shows are set in specific spatial settings, referred to in the book as "nonplace territories," North Jersey, New Mexico or rural and suburban western Germany, the author argues that the link between such nonplace territories and shows such as The Sopranos, Breaking Bad, or Dark is so intense because the narrative structure functions similarly to these territories, flat, decentralized, without any sense of structure or stable hierarchy. The book takes three different perspectives. First, it looks at the rationale for combining television show and nonplace territory from the viewpoint of narrative strategy. It then thinks through what these strategies mean for practicing architects. Finally, it approaches the arguments made before from a "user" perspective. What does this narrative mirroring of social-spatial reality in places such as Albuquerque or Jersey City mean for people living in these places? This new approach to architecture and space on screen will interest scholars and students of television studies, screen architecture, media and architectural theory and popular culture.
|
| 650 |
|
0 |
|a Television series
|z United States
|x History.
|
| 650 |
|
0 |
|a Space and time on television.
|
| 650 |
|
0 |
|a Suburbs on television.
|
| 650 |
|
0 |
|a Architecture on television.
|
| 830 |
|
0 |
|a Routledge focus on television studies.
|
| 945 |
|
|
|b 923645
|
| 947 |
|
|
|a A14852482596
|
| 948 |
|
|
|a dmitchel 1/31/24 9.20.10
|
| 980 |
|
|
|b print
|t Approval plan
|y Print approval
|c 40032018030
|f NONFIC/B
|g 565714
|k USD
|m 51.96
|q 1
|s AcqMono Conventional
|u Vendor order reference number
|v ZYBP
|z Physical resource
|
| 999 |
f |
f |
|i c89d1dd1-3a1e-489c-a075-4a471c424e50
|s b3f57783-c84e-4e24-ad35-1812fdabc3b2
|t 0
|
| 952 |
f |
f |
|p normal
|a Texas A&M University
|b College Station
|c Sterling C. Evans Library
|d Evans: Library Stacks
|t 0
|e PN1992.8.S6 G88 2024
|h Library of Congress classification
|i unmediated -- volume
|m A14852482596
|
| 998 |
f |
f |
|a PN1992.8.S6 G88 2024
|t 0
|l Evans: Library Stacks
|